00668nam a2200205 4500003001100000005001700011008004100028020001500069040003900084041000800123082001500131110003300146245010000179260005800279650001900337650002400356650002400380700003200404700002600436LK-CoMWRAF20231115143015.0231115b2003 |||||||| |||| 00| 0 eng d a1588261352 aLK-CoMWRAFdLK-CoMWRAFeLK-CoMWRAF aeng a341.5bINT aInternational Peace Academy. aFrom promise to practice: bstrengthening UN capacities for the prevention of violent conflict  axii, 429 p. ; 24 cm.bBibliography and index included aUNITED NATIONS aConflict management aPeacekeeping forces a Sriram, Chandra Lekhaeed. aWermester, Karineed.